Deutschland - Allgemeinwissen #7 - Statistiken

Allgemein
  • Dieses Quiz wurde 112 mal gespielt
  • Das Durchschnittsergebnis liegt bei 10 aus 22
Antwortstatistiken
Frage Antwort % Korrekt
Der frühe Vogel fängt den … Wurm
96%
Welche drei Telefonanbieter haben ein eigenes Telefonnetz in Deutschland? Telekom
95%
Welche ist die einzige deutsche Stadt mit X? Xanten
90%
Welche Insel ist die größte deutsche Nordseeinsel? Sylt
86%
Welche drei Telefonanbieter haben ein eigenes Telefonnetz in Deutschland? Telefonica
82%
Welche drei Telefonanbieter haben ein eigenes Telefonnetz in Deutschland? Vodafone
78%
Welche Stadt hieß früher Augusta Treverorum bzw. Treveris? Trier
76%
Wofür steht das <u>Ha</u> in HaRiBo? Hans
69%
Wie hieß die Festungsanlage der Römer, die durch Süddeutschland führte Limes
63%
Wer gehört alles zu den "Großen Fünf" der Stromerzeuger Deutschlands? E.ON
60%
Welches Land gab 6 Stunden, nachdem Deutschland es im 2. Weltkrieg angegriffen hatte auf? Dänemark
55%
Wie heißt Deutschlands östlichste Stadt? Görlitz
53%
Wer gehört alles zu den "Großen Fünf" der Stromerzeuger Deutschlands? RWE
38%
Wer gehört alles zu den "Großen Fünf" der Stromerzeuger Deutschlands? Vattenfall
21%
Wer gehört alles zu den "Großen Fünf" der Stromerzeuger Deutschlands? EnBW
19%
Wörnitz, Altmühl, ... und Regen fließen ihr von Rechts entgegen Naab
17%
Welcher Dynastie stellte ab 1180 den Bayerischen König? Wittelsbach
16%
Wie hießen die beiden Staaten des Heiligen Römischen Reiches, die „Hohenzollern“ im Namen hatten? (Tipp: Es sind Städte) Hohenzollern-Sigmaringen
8%
Wie hießen die beiden Staaten des Heiligen Römischen Reiches, die „Hohenzollern“ im Namen hatten? (Tipp: Es sind Städte) Hohenzollern-Hechingen
7%
Welche Stadt war bis 2014 als „Stadt der deutschen Sprache“ bekannt, da der Duden hier bis 2014 seinen Sitz hatte? Mannheim
5%
Welche Autobahnbrücke Lüdenscheids war von 2021-2025 gesperrt? Rahmedetalbrücke
3%
Wer gehört alles zu den "Großen Fünf" der Stromerzeuger Deutschlands? LEAG
0%
Keine übereinstimmenden Quizze gefunden
Verteilung der Resultate
Anzahl Personen mit jedem Resultat
Perzentil nach korrekt beantworteten Fragen
Ihre Resultats-Entwicklung
Sie haben dieses Quiz noch nicht gespielt